Statistics for Most Golf Major top 10 Finishes

Click here to take the quiz!

General Stats

  • This quiz has been taken 69 times
  • The average score is 11 of 18

Answer Stats

HintAnswer% Correct
73 top ten finishes: 22 Masters, 18 US Opens, 18 Opens, & 15 PGAsJack Nicklaus
100%
39 Top ten finishes: 14 Masters, 8 US Opens, 9 Opens, & 8 PGAsTiger Woods
98%
38 Top ten finishes: 14 Masters, 10 US Opens, 3 Opens, & 10 PGAsPhil Mickelson
87%
38 Top ten finishes: 12 Masters, 13 US Opens, 7 Opens, & 6 PGAsArnold Palmer
85%
44 top ten finishes: 15 Masters, 9 US Opens 12 Opens, & 8 PGAsGary Player
83%
46 top ten finishes: 11 Masters, 12 US Opens, 10 Opens, & 10 PGAsTom Watson
81%
39 Top ten finishes: 17 Masters, 15 US Opens, 1 Open, & 6 PGAsBen Hogan
70%
25 Top ten finishes: 3 Masters, 5 US Opens, 12 Opens, & 5 PGAsNick Faldo
70%
46 top ten finishes: 15 Masters, 12 US Opens, 2 Opens, & 17 PGAsSam Snead
66%
35 Top ten finishes: 6 Masters, 10 US Opens, 13 Opens, & 6 PGAsErnie Els
64%
30 Top ten finishes: 9 Masters, 5 US Opens, 10 Opens, & 6 PGAsGreg Norman
62%
32 Top ten finishes: 0 Masters, 16 US Opens, 7 Opens, & 9 PGAsWalter Hagen
36%
26 Top ten finishes: 11 Masters, 8 US Opens, 9 Opens, & 3 PGAsFred Couples
32%
28 Top ten finishes: 14 Masters, 4 US Opens, 1 Open, & 9 PGAsByron Nelson
30%
36 Top ten finishes: 4 Masters, 14 US Opens, 6 Opens, & 12 PGAsGene Sarazen
30%
28 Top ten finishes: 11 Masters, 5 US Opens, 4 Opens, & 8 PGAsRaymond Floyd
28%
27 Top ten finishes: 11 Masters, 4 US Opens, 6 Opens, & 6 PGAsBen Crenshaw
15%
27 Top ten finishes: 12 Masters, 4 US Opens, 5 Opens, & 6 PGAsTom Kite
15%

Score Distribution

Percentile by Number Answered

Percent of People with Each Score

Your Score History

You have not taken this quiz